| 000 | 00609nam a2200217 a 4500 | ||
|---|---|---|---|
| 005 | 20230524064156.0 | ||
| 008 | 140526s1999 mx r 000 0 spa d | ||
| 020 | _a8439288840 | ||
| 035 | _aUPN01000197548 | ||
| 049 | _aI | ||
| 050 | 4 |
_aPZ74.1 _bB3.38 |
|
| 100 | 1 |
_aBalzola Elorza, Asun, _d1942-2006 _930383 |
|
| 245 | 1 | 0 |
_aCuentos rellenos / _cAsun Balzola, Alicia Ríos. |
| 260 |
_aMadrid : _bGaviota, _cc1999. |
||
| 300 |
_a158 p. : _bil. col. |
||
| 650 | 4 |
_aCuentos infantiles _96744 |
|
| 650 | 4 |
_aCocina _99092 |
|
| 700 | 1 |
_aRíos Ivars, Alicia, _ecoaut. |
|
| 905 | _aInfantil | ||
| 999 |
_c169649 _d169649 |
||